[Event "GBR-ch109 Over 50"]
[Site "Leicester"]
[Date "2023.07.25"]
[Round "2.2"]
[White "Lawton, Geoffrey W"]
[Black "Walker, Martin Graham"]
[Result "1-0"]
[WhiteElo "2359"]
[BlackElo "2079"]
[PlyCount "81"]
[EventDate "2023.07.24"]
[EventType "swiss"]
[EventRounds "7"]
[EventCountry "GBR"]
[SourceTitle "BritBase"]
[Source "John Saunders"]
[SourceDate "2025.01.31"]
[SourceVersion "1"]
[SourceVersionDate "2025.01.31"]
[SourceQuality "1"]

1. Nf3 d5 2. g3 c5 3. Bg2 Nc6 4. O-O Nf6 5. d3 g6 6. c3 Bg7 7. a3 O-O 8. b4 b6 9. Nbd2 a5 10. b5 Na7 11. a4 Bb7 12. Qc2 Nd7 13. e4 e6 14. Re1 Qc7 15. exd5 exd5 16. Nf1 Ne5 17. Nxe5 Bxe5 18. Bh6 Rfe8 19. Ne3 Qd7 20. Rad1 Rad8 21. d4 cxd4 22. cxd4 Bg7 23. Bxg7 Kxg7 24. Rd3 Nc8 25. Rc1 Ba8 26. Qc7 Qe6 27. h4 Ne7 28. Qf4 Qd6 29. Qxd6 Rxd6 30. Rc7 Rdd8 31. Rdc3 Nc8 32. Kf1 Nd6 33. Ra7 Ne4 34. Rcc7 Nxg3+ 35. fxg3 Rxe3 36. Rxf7+ Kg8 37. Rg7+ Kh8 38. Rxh7+ Kg8 39. Rag7+ Kf8 40. Rxg6 Rde8 41. Rh8+ 1-0

[Event "GBR-ch109 Over 50"]
[Site "Leicester"]
[Date "2023.07.25"]
[Round "2.3"]
[White "Townsend, M Paul"]
[Black "Sanger, Mark"]
[Result "0-1"]
[WhiteElo "2209"]
[BlackElo "2049"]
[PlyCount "84"]
[EventDate "2023.07.24"]
[EventType "swiss"]
[EventRounds "7"]
[EventCountry "GBR"]
[SourceTitle "BritBase"]
[Source "John Saunders"]
[SourceDate "2025.01.31"]
[SourceVersion "1"]
[SourceVersionDate "2025.01.31"]
[SourceQuality "1"]

1. d4 e6 2. Nf3 Nf6 3. g3 b6 4. Bg2 Bb7 5. c4 Be7 6. O-O d6 7. Nc3 Ne4 8. Qc2 Nxc3 9. Qxc3 Be4 10. Qe3 d5 11. Ne5 Bxg2 12. Kxg2 O-O 13. Rd1 c6 14. b3 Bd6 15. Bb2 f6 16. Nf3 Qd7 17. Qd3 a5 18. e4 Na6 19. Re1 Nc7 20. cxd5 cxd5 21. e5 Bb4 22. Re2 Rfc8 23. exf6 gxf6 24. Qe3 Re8 25. Qf4 Rf8 26. a3 Bd6 27. Qg4+ Kh8 28. Rae1 Rg8 29. Qh4 Rg6 30. Bc1 Re8 31. Bf4 Nb5 32. a4 Nc3 33. Rc2 Ne4 34. Rec1 e5 35. dxe5 fxe5 36. Nxe5 Rxe5 37. Bxe5+ Bxe5 38. Rc8+ Kg7 39. Rd8 Qf7 40. f3 Bf6 41. Qh3 Bxd8 42. fxe4 dxe4 0-1

[Event "GBR-ch109 Over 50"]
[Site "Leicester"]
[Date "2023.07.25"]
[Round "2.4"]
[White "Rich, Mark C"]
[Black "Pitcher, John T"]
[Result "1/2-1/2"]
[WhiteElo "2043"]
[BlackElo "2206"]
[PlyCount "54"]
[EventDate "2023.07.24"]
[EventType "swiss"]
[EventRounds "7"]
[EventCountry "GBR"]
[SourceTitle "BritBase"]
[Source "John Saunders"]
[SourceDate "2025.01.31"]
[SourceVersion "1"]
[SourceVersionDate "2025.01.31"]
[SourceQuality "1"]

1. e4 c5 2. Nc3 Nc6 3. g3 g6 4. Bg2 Bg7 5. d3 d6 6. f4 e6 7. Nf3 Nge7 8. O-O O-O 9. Be3 Nd4 10. Qd2 Rb8 11. Rae1 b6 12. Nd1 Qd7 13. c3 Nxf3+ 14. Bxf3 Ba6 15. Be2 d5 16. d4 Bxe2 17. Rxe2 cxd4 18. Bxd4 dxe4 19. Bxg7 Qxd2 20. Rxd2 Kxg7 21. Rd7 Nc6 22. Nf2 e3 23. Ng4 e2 24. Re1 Rfd8 25. Rxd8 Rxd8 26. Rxe2 h5 27. Ne3 b5 1/2-1/2

[Event "GBR-ch109 Over 50"]
[Site "Leicester"]
[Date "2023.07.25"]
[Round "2.5"]
[White "Baer, Bruce L"]
[Black "Graham, David Bruce"]
[Result "0-1"]
[WhiteElo "2026"]
[BlackElo "2151"]
[PlyCount "78"]
[EventDate "2023.07.24"]
[EventType "swiss"]
[EventRounds "7"]
[EventCountry "GBR"]
[SourceTitle "BritBase"]
[Source "John Saunders"]
[SourceDate "2025.01.31"]
[SourceVersion "1"]
[SourceVersionDate "2025.01.31"]
[SourceQuality "1"]

1. g3 g6 2. Bg2 Bg7 3. e4 c5 4. d3 Nc6 5. c3 d6 6. f4 e5 7. Nf3 Nge7 8. O-O O-O 9. fxe5 dxe5 10. Be3 b6 11. Na3 h6 12. Nc4 Be6 13. a4 Bxc4 14. dxc4 Qxd1 15. Rfxd1 Rad8 16. Rxd8 Rxd8 17. a5 Nxa5 18. Bxc5 Nec6 19. Bf2 Nxc4 20. b3 Nd6 21. Ra4 Rc8 22. Nd2 Nb5 23. c4 Nbd4 24. Bxd4 exd4 25. Kf1 a5 26. Ke2 Nb4 27. Kd1 d3 28. Bf1 Bc3 29. Nb1 Bd4 30. Rxb4 axb4 31. Bxd3 Ra8 32. h3 Kg7 33. Bc2 Rd8 34. Ke2 Bc3 35. Nxc3 bxc3 36. Bd3 Kf6 37. b4 Ke5 38. Ke3 Rc8 39. Be2 c2 0-1

[Event "GBR-ch109 Over 50"]
[Site "Leicester"]
[Date "2023.07.25"]
[Round "2.6"]
[White "Duncan, Patrick CM"]
[Black "Henderson, David"]
[Result "1/2-1/2"]
[WhiteElo "1996"]
[BlackElo "2113"]
[PlyCount "51"]
[EventDate "2023.07.24"]
[EventType "swiss"]
[EventRounds "7"]
[EventCountry "GBR"]
[SourceTitle "BritBase"]
[Source "John Saunders"]
[SourceDate "2025.01.31"]
[SourceVersion "1"]
[SourceVersionDate "2025.01.31"]
[SourceQuality "1"]

1. b3 e5 2. Bb2 Nc6 3. e3 g6 4. Nf3 Bg7 5. d4 d6 6. dxe5 Nxe5 7. Nxe5 Bxe5 8. Nc3 Be6 9. Qd2 Qd7 10. O-O-O O-O-O 11. e4 Ne7 12. Nd5 Bxb2+ 13. Kxb2 Nxd5 14. exd5 Bf5 15. h3 h5 16. Bd3 Bxd3 17. Qxd3 Rhe8 18. Rhe1 Kb8 19. Qd2 a6 20. Rxe8 Rxe8 21. Re1 Rxe1 22. Qxe1 Qf5 23. Qe8+ Ka7 24. Qe3+ Kb8 25. Qe8+ Ka7 26. Qe3+ 1/2-1/2

[Event "GBR-ch109 Over 50"]
[Site "Leicester"]
[Date "2023.07.25"]
[Round "2.7"]
[White "Dargan, Paul AG"]
[Black "Cole, Graham L"]
[Result "1-0"]
[WhiteElo "2091"]
[BlackElo "1628"]
[PlyCount "143"]
[EventDate "2023.07.24"]
[EventType "swiss"]
[EventRounds "7"]
[EventCountry "GBR"]
[SourceTitle "BritBase"]
[Source "John Saunders"]
[SourceDate "2025.01.31"]
[SourceVersion "1"]
[SourceVersionDate "2025.01.31"]
[SourceQuality "1"]

1. e4 c5 2. c3 Nf6 3. e5 Nd5 4. d4 cxd4 5. Nf3 e6 6. cxd4 d6 7. Bc4 Nc6 8. O-O Be7 9. Qe2 O-O 10. Nc3 Nxc3 11. bxc3 dxe5 12. dxe5 Qc7 13. Qe4 Rd8 14. Re1 b6 15. Ng5 g6 16. Qf3 Bc5 17. Bf4 Bb7 18. Qg3 Ne7 19. Qh3 h5 20. Nxe6 Qc6 21. Nxd8 Rxd8 22. Be2 Qa4 23. Bg5 Bc8 24. Qh4 Qxh4 25. Bxh4 Rd2 26. Rad1 Rxd1 27. Rxd1 Be6 28. c4 Nc6 29. Bf6 Nd4 30. Bf1 a5 31. Bg5 Nc6 32. Be3 Bxe3 33. fxe3 Nxe5 34. Rd4 Kf8 35. Be2 Ke7 36. Kf2 Nc6 37. Rd2 Ne5 38. Rd4 Nc6 39. Rd2 Ne5 40. Rb2 Nd7 41. Rb5 Kd6 42. c5+ Nxc5 43. Rxb6+ Kc7 44. Rb2 Ne4+ 45. Kf3 Bd5 46. Kf4 Nc5 47. Rc2 Kd6 48. Bf3 Be6 49. h4 f6 50. a3 Bb3 51. Rd2+ Ke7 52. Bd5 a4 53. Bc6 Bc4 54. Bd5 Bb5 55. Kf3 Nd3 56. e4 g5 57. hxg5 fxg5 58. Ke3 Ne5 59. Rb2 Bd7 60. Kd4 Ng4 61. e5 h4 62. Rb7 Kd8 63. e6 Be8 64. Rg7 Nh6 65. Rxg5 Ke7 66. Ke5 Bb5 67. Bf3 Be8 68. Rg7+ Kf8 69. Rh7 Ng8 70. Rxh4 Ne7 71. Rh8+ Ng8 72. Bh5 1-0

[Event "GBR-ch109 Over 50"]
[Site "Leicester"]
[Date "2023.07.25"]
[Round "2.8"]
[White "Duncan, Christopher R"]
[Black "Smith, Peter"]
[Result "1/2-1/2"]
[WhiteElo "2191"]
[BlackElo "2063"]
[PlyCount "82"]
[EventDate "2023.07.24"]
[EventType "swiss"]
[EventRounds "7"]
[EventCountry "GBR"]
[SourceTitle "BritBase"]
[Source "John Saunders"]
[SourceDate "2025.01.31"]
[SourceVersion "1"]
[SourceVersionDate "2025.01.31"]
[SourceQuality "1"]

1. e4 c5 2. Nf3 Nc6 3. d4 cxd4 4. Nxd4 g6 5. c4 Bg7 6. Be3 Nf6 7. Nc3 Ng4 8. Qxg4 Nxd4 9. Qd1 e5 10. Bd3 O-O 11. O-O d6 12. Rc1 Be6 13. b3 a6 14. Qd2 Qa5 15. Rfd1 Rac8 16. Qb2 f5 17. Ne2 Nxe2+ 18. Bxe2 f4 19. Bd2 Qb6 20. Qa3 f3 21. Bxf3 Rxf3 22. gxf3 Qd8 23. Qb4 Qf6 24. Qc3 b5 25. Qe3 bxc4 26. bxc4 g5 27. Rc3 Bh6 28. Kh1 Kh8 29. Rg1 Rxc4 30. Rxc4 Bxc4 31. Rb1 Bxa2 32. Rb8+ Bg8 33. Qb3 Bf8 34. Qe3 Bh6 35. Kg2 g4 36. Qxh6 Qxf3+ 37. Kf1 Qh1+ 38. Ke2 Qf3+ 39. Ke1 Qh1+ 40. Ke2 Qf3+ 41. Kf1 Qh1+ 1/2-1/2

[Event "GBR-ch109 Over 50"]
[Site "Leicester"]
[Date "2023.07.25"]
[Round "2.9"]
[White "Crocker, Philip J"]
[Black "Ledger, Stephen C"]
[Result "1-0"]
[WhiteElo "2151"]
[BlackElo "1978"]
[PlyCount "111"]
[EventDate "2023.07.24"]
[EventType "swiss"]
[EventRounds "7"]
[EventCountry "GBR"]
[SourceTitle "BritBase"]
[Source "John Saunders"]
[SourceDate "2025.01.31"]
[SourceVersion "1"]
[SourceVersionDate "2025.01.31"]
[SourceQuality "1"]

1. d4 Nf6 2. c4 c5 3. d5 b5 4. cxb5 a6 5. bxa6 Bxa6 6. Nc3 g6 7. e4 Bxf1 8. Kxf1 d6 9. g3 Bg7 10. Kg2 O-O 11. Nf3 Nbd7 12. a4 Qb6 13. Ra3 Rfb8 14. Nd2 Ne8 15. h4 h5 16. Nb5 Nc7 17. Nc4 Qb7 18. Nxc7 Qxc7 19. b3 Ne5 20. Nxe5 Bxe5 21. Qc2 Qb7 22. Bd2 Ra6 23. a5 Qb5 24. Rd1 Ra7 25. Be1 Rab7 26. Bc3 Bxc3 27. Qxc3 Qb4 28. Qxb4 Rxb4 29. a6 Rxe4 30. a7 Ra8 31. Kf3 Rb4 32. Ke3 Kg7 33. Rda1 Kf6 34. f4 Kf5 35. Kf3 Rd4 36. Re1 Kf6 37. Re4 Rxe4 38. Kxe4 e6 39. Ra6 Ke7 40. dxe6 fxe6 41. Kd3 d5 42. Kc3 Kf6 43. b4 cxb4+ 44. Kxb4 Kf5 45. Kc5 e5 46. fxe5 Kxe5 47. Kb6 d4 48. Kb7 Rxa7+ 49. Rxa7 d3 50. Kc6 Ke4 51. Rd7 Ke3 52. Kd5 Kf3 53. Ke5 Kxg3 54. Kf6 Kxh4 55. Kxg6 Kg4 56. Rd4+ 1-0

[Event "GBR-ch109 Over 50"]
[Site "Leicester"]
[Date "2023.07.25"]
[Round "2.10"]
[White "Eames, Robert S"]
[Black "Giulian, Rosemary A"]
[Result "1-0"]
[WhiteElo "2124"]
[BlackElo "1855"]
[PlyCount "115"]
[EventDate "2023.07.24"]
[EventType "swiss"]
[EventRounds "7"]
[EventCountry "GBR"]
[SourceTitle "BritBase"]
[Source "John Saunders"]
[SourceDate "2025.01.31"]
[SourceVersion "1"]
[SourceVersionDate "2025.01.31"]
[SourceQuality "1"]

1. e4 e6 2. d4 d5 3. e5 c5 4. c3 Qb6 5. Nf3 Nc6 6. Bd3 cxd4 7. O-O Bd7 8. Re1 h6 9. Nbd2 Nge7 10. Nb3 O-O-O 11. cxd4 g5 12. Be3 Nf5 13. Rc1 Nxe3 14. fxe3 Kb8 15. Re2 Be7 16. Nc5 Nb4 17. Bb1 Bxc5 18. Rxc5 Rc8 19. a3 Na6 20. Rxc8+ Rxc8 21. Ne1 Rh8 22. Rf2 Be8 23. b4 Qc7 24. Bd3 Qc3 25. b5 Nc7 26. a4 Qa5 27. Bc2 Na8 28. Nd3 Nb6 29. Nc5 Nc4 30. e4 Ne3 31. Qd2 Qxd2 32. Rxd2 Nxc2 33. Rxc2 dxe4 34. Nxe4 Bd7 35. Nd6 Rf8 36. Rf2 a6 37. bxa6 b6 38. Rb2 Ka7 39. a5 b5 40. Rc2 Kxa6 41. Rc7 Be8 42. Rc8 Kxa5 43. Kf2 f6 44. Ke3 fxe5 45. dxe5 b4 46. Rxe8 Rxe8 47. Nxe8 b3 48. Nd6 Kb4 49. Kd3 h5 50. Nc4 h4 51. h3 Kc5 52. Nd2 b2 53. Kc2 Kd5 54. Nf3 Ke4 55. Nxg5+ Kxe5 56. Nf3+ Kf4 57. Nxh4 Kg3 58. Ng6 1-0

[Event "GBR-ch109 Over 50"]
[Site "Leicester"]
[Date "2023.07.25"]
[Round "2.11"]
[White "Brett, Andrew R"]
[Black "Brown, Alan M"]
[Result "0-1"]
[WhiteElo "2078"]
[BlackElo "1988"]
[PlyCount "148"]
[EventDate "2023.07.24"]
[EventType "swiss"]
[EventRounds "7"]
[EventCountry "GBR"]
[SourceTitle "BritBase"]
[Source "John Saunders"]
[SourceDate "2025.01.31"]
[SourceVersion "1"]
[SourceVersionDate "2025.01.31"]
[SourceQuality "1"]

1. d4 Nf6 2. c4 e6 3. Nf3 d5 4. Bg5 Be7 5. e3 O-O 6. Nc3 b6 7. Bd3 Bb7 8. Bxf6 Bxf6 9. cxd5 exd5 10. Qc2 h6 11. O-O Be7 12. Qb3 c6 13. Rfd1 Nd7 14. Rac1 Nf6 15. Ne5 Bd6 16. h3 Qe7 17. f4 c5 18. Bb1 Rfc8 19. Re1 g6 20. Qd1 c4 21. Ng4 h5 22. Ne5 Kg7 23. Qf3 Bb4 24. Rf1 Bd6 25. Qg3 Rg8 26. Rce1 Rac8 27. Qf3 Kf8 28. a3 Bb8 29. Bc2 Bd6 30. e4 Bxe5 31. fxe5 Nxe4 32. Nxe4 dxe4 33. Bxe4 Bxe4 34. Rxe4 Rd8 35. Rf4 Rg7 36. Qe4 c3 37. bxc3 Qxa3 38. R1f3 Qe7 39. Rf6 Kg8 40. d5 Qc5+ 41. Kh1 Qxd5 42. Qf4 Re8 43. Re3 g5 44. Qf5 Qd2 45. Re4 g4 46. Qf1 gxh3 47. gxh3 Qd5 48. Qf3 Rxe5 49. Rxe5 Qxe5 50. Rf4 Qe1+ 51. Qf1 Qxc3 52. Rf3 Qc6 53. Kh2 Qc7+ 54. Kh1 Rg5 55. Qd1 Rc5 56. Qd3 Rc1+ 57. Rf1 Qc6+ 58. Kg1 Qc5+ 59. Kh1 Rxf1+ 60. Qxf1 Qd5+ 61. Kh2 Qe5+ 62. Kh1 Kg7 63. Qg2+ Kf6 64. Qf3+ Ke6 65. Qc6+ Qd6 66. Qe4+ Kf6 67. Qf3+ Kg6 68. h4 Qf6 69. Qg3+ Kh7 70. Qd3+ Qg6 71. Qf3 a5 72. Qb3 Kg8 73. Qd5 Kh7 74. Qd7 Qe4+ 0-1

[Event "GBR-ch109 Over 50"]
[Site "Leicester"]
[Date "2023.07.25"]
[Round "2.12"]
[White "Watson, Simon"]
[Black "Hughes, Roy"]
[Result "1-0"]
[WhiteElo "1835"]
[BlackElo "2007"]
[PlyCount "105"]
[EventDate "2023.07.24"]
[EventType "swiss"]
[EventRounds "7"]
[EventCountry "GBR"]
[SourceTitle "BritBase"]
[Source "John Saunders"]
[SourceDate "2025.01.31"]
[SourceVersion "1"]
[SourceVersionDate "2025.01.31"]
[SourceQuality "1"]

1. e4 d5 2. exd5 Qxd5 3. Nc3 Qd6 4. d4 Nf6 5. Nf3 c6 6. Be2 Bg4 7. h3 Bxf3 8. Bxf3 Nbd7 9. O-O e6 10. Re1 Be7 11. Be3 Nb6 12. Qe2 O-O 13. a3 Qc7 14. Bg5 Rfe8 15. Bh4 Nbd5 16. Bxd5 Nxd5 17. Nxd5 cxd5 18. Bxe7 Rxe7 19. c3 a6 20. Qe5 Rc8 21. Qxc7 Rexc7 22. Kf1 Rc6 23. Ke2 b5 24. Kd2 a5 25. Rec1 Rb8 26. Rc2 f6 27. Re1 Kf7 28. b3 Rbc8 29. Rec1 e5 30. dxe5 fxe5 31. Kd3 Ke6 32. c4 bxc4+ 33. bxc4 d4 34. f4 exf4 35. Kxd4 Kf5 36. c5 g5 37. Kd5 g4 38. hxg4+ Kxg4 39. Rc4 Kg3 40. R1c3+ Kxg2 41. Rxf4 h5 42. Rh4 Rh6 43. c6 Rc7 44. Rd4 Rf6 45. Rd2+ Kg1 46. Rc1+ Rf1 47. Rxf1+ Kxf1 48. Kd6 Rh7 49. c7 Rh6+ 50. Kd7 Rh7+ 51. Kc6 Rh6+ 52. Kb5 Rh8 53. Rd8 1-0

[Event "GBR-ch109 Over 50"]
[Site "Leicester"]
[Date "2023.07.25"]
[Round "2.13"]
[White "Handley, Michael R"]
[Black "Molyneux, John"]
[Result "1-0"]
[WhiteElo "1965"]
[BlackElo "2230"]
[PlyCount "133"]
[EventDate "2023.07.24"]
[EventType "swiss"]
[EventRounds "7"]
[EventCountry "GBR"]
[SourceTitle "BritBase"]
[Source "John Saunders"]
[SourceDate "2025.01.31"]
[SourceVersion "1"]
[SourceVersionDate "2025.01.31"]
[SourceQuality "1"]

1. d4 d5 2. c4 e6 3. Nf3 Nf6 4. g3 c6 5. Bg2 Ne4 6. O-O f5 7. Qc2 Bd6 8. Nc3 O-O 9. Rb1 Bd7 10. b4 b5 11. c5 Bc7 12. a4 Nxc3 13. Qxc3 bxa4 14. Ra1 a5 15. Rxa4 axb4 16. Qxb4 Rxa4 17. Qxa4 Bc8 18. Bg5 Qe8 19. Rb1 Na6 20. Bf4 e5 21. Bxe5 Nxc5 22. Qc2 Bxe5 23. Nxe5 Ne4 24. Qxc6 Be6 25. Rb6 Qxc6 26. Rxc6 Re8 27. h4 Nf6 28. Bf3 g6 29. Nd3 Ne4 30. Nf4 Bf7 31. Rc7 Rd8 32. Nh3 h6 33. Nf4 Rd6 34. Nd3 Kf8 35. Ne5 Be8 36. Rh7 h5 37. Ra7 Nf6 38. Nd3 Bf7 39. Ra8+ Be8 40. Nf4 Kf7 41. Ra5 Bc6 42. Ra6 Ne4 43. Nd3 Ke7 44. Ne5 Be8 45. Rxd6 Kxd6 46. Kf1 Nf6 47. Ke1 Nd7 48. Nd3 Nf8 49. Kd2 Ne6 50. Ke3 Bf7 51. Nf4 Nc7 52. Bg2 Ne8 53. Kd3 Nc7 54. e3 Be8 55. Kc3 Kc6 56. Kb4 Kd6 57. Ka5 Bf7 58. Kb6 Ne8 59. Nd3 Nf6 60. Ne5 Be8 61. f3 Nd7+ 62. Nxd7 Bxd7 63. Bf1 Be6 64. Bb5 Bf7 65. Ba4 Bg8 66. Be8 Bh7 67. Bf7 1-0

[Event "GBR-ch109 Over 50"]
[Site "Leicester"]
[Date "2023.07.25"]
[Round "2.14"]
[White "Mueller, Jens"]
[Black "Ledger, David J"]
[Result "0-1"]
[WhiteElo "1862"]
[BlackElo "2190"]
[PlyCount "128"]
[EventDate "2023.07.24"]
[EventType "swiss"]
[EventRounds "7"]
[EventCountry "GBR"]
[SourceTitle "BritBase"]
[Source "John Saunders"]
[SourceDate "2025.01.31"]
[SourceVersion "1"]
[SourceVersionDate "2025.01.31"]
[SourceQuality "1"]

1. d4 Nf6 2. Bf4 d5 3. e3 c5 4. c3 Nc6 5. Nd2 Bf5 6. Ngf3 Qb6 7. Nh4 Be6 8. Qb3 c4 9. Qc2 h6 10. Nhf3 Nh5 11. Bg3 Bg4 12. Be2 e6 13. b3 Bf5 14. Qc1 Nxg3 15. hxg3 cxb3 16. axb3 Rc8 17. Qb2 Be7 18. O-O O-O 19. Rfc1 Rfe8 20. Qa2 a6 21. Qa4 Bf6 22. c4 Qb4 23. Qxb4 Nxb4 24. Ne5 Bxe5 25. dxe5 Nc6 26. g4 Bh7 27. f4 d4 28. Kf2 Red8 29. Nf3 dxe3+ 30. Kxe3 Nb4 31. Ne1 Kf8 32. Rd1 Ke7 33. Rxd8 Rxd8 34. Rd1 a5 35. Rxd8 Kxd8 36. Kd2 Kc7 37. Bf3 Na6 38. Kc3 Nc5 39. b4 axb4+ 40. Kxb4 b6 41. Bd1 f6 42. Be2 fxe5 43. fxe5 Bg6 44. Bf3 Nd7 45. Be2 Nxe5 46. c5 Be4 47. cxb6+ Kxb6 48. Kc3 Kc5 49. Bd1 Ng6 50. g3 Ne7 51. Kd2 Kd4 52. Ke2 Nd5 53. Kf2 g5 54. Bb3 e5 55. Ba2 Nb4 56. Be6 Bc6 57. Bf5 e4 58. Ng2 Nc2 59. Ke2 Bb5+ 60. Kd2 Bd3 61. Ne1 Nxe1 62. Kxe1 Ke3 63. Bd7 Kf3 64. Kd2 Kf2 0-1

[Event "GBR-ch109 Over 50"]
[Site "Leicester"]
[Date "2023.07.25"]
[Round "2.15"]
[White "Kalerwa, Edwin M"]
[Black "Mason, Donald J"]
[Result "0-1"]
[WhiteElo "1694"]
[BlackElo "2042"]
[PlyCount "104"]
[EventDate "2023.07.24"]
[EventType "swiss"]
[EventRounds "7"]
[EventCountry "GBR"]
[SourceTitle "BritBase"]
[Source "John Saunders"]
[SourceDate "2025.01.31"]
[SourceVersion "1"]
[SourceVersionDate "2025.01.31"]
[SourceQuality "1"]

1. e4 c5 2. b3 Nc6 3. Bb2 e5 4. g3 d5 5. Bg2 d4 6. d3 Bd6 7. Ne2 h5 8. Nd2 h4 9. h3 hxg3 10. Nxg3 g6 11. Qe2 Be6 12. Nf3 f6 13. Bc1 Nge7 14. Bd2 Nb4 15. Kd1 Qb6 16. Bxb4 Qxb4 17. Qd2 Qb6 18. a4 a5 19. Ng1 O-O-O 20. h4 Kb8 21. Bh3 Bf7 22. Bg4 Rdg8 23. N1e2 Nc6 24. Nc1 Rh7 25. h5 Rgh8 26. Qe2 gxh5 27. Bxh5 Be6 28. Qf3 Qd8 29. Kd2 Qf8 30. Na2 Qh6+ 31. Ke2 Qf4 32. Rag1 Nb4 33. Nxb4 cxb4 34. Nf5 Bxf5 35. Qxf4 exf4 36. exf5 Rxh5 37. Rg8+ Rxg8 38. Rxh5 Rg5 39. Rxg5 fxg5 40. Kf3 Kc7 41. Kg4 Be7 42. Kh5 Kd6 43. f3 Ke5 44. Kg4 Bf6 45. Kh3 Kxf5 46. Kg2 g4 47. Kf2 gxf3 48. Kxf3 Bh4 49. Kg2 Kg4 50. Kg1 Kf3 51. Kf1 Bf2 52. c3 bxc3 0-1

[Event "GBR-ch109 Over 50"]
[Site "Leicester"]
[Date "2023.07.25"]
[Round "2.16"]
[White "Smith, Andrew Philip"]
[Black "Crichton, Martin"]
[Result "1-0"]
[WhiteElo "2038"]
[BlackElo "1906"]
[PlyCount "33"]
[EventDate "2023.07.24"]
[EventType "swiss"]
[EventRounds "7"]
[EventCountry "GBR"]
[SourceTitle "BritBase"]
[Source "John Saunders"]
[SourceDate "2025.01.31"]
[SourceVersion "1"]
[SourceVersionDate "2025.01.31"]
[SourceQuality "1"]

1. e4 e5 2. Nc3 Nf6 3. f4 d5 4. fxe5 Nxe4 5. Qf3 Nxc3 6. dxc3 c6 7. Bf4 Be6 8. O-O-O Nd7 9. Ne2 Qc7 10. Qg3 h6 11. h4 O-O-O 12. Nd4 Re8 13. Nxe6 Rxe6 14. c4 Rg6 15. Qh3 d4 16. Bd3 Re6 17. Bf5 1-0

[Event "GBR-ch109 Over 50"]
[Site "Leicester"]
[Date "2023.07.25"]
[Round "2.17"]
[White "Drugan, Mark A"]
[Black "Thompson, Ian D"]
[Result "0-1"]
[WhiteElo "1693"]
[BlackElo "2035"]
[PlyCount "86"]
[EventDate "2023.07.24"]
[EventType "swiss"]
[EventRounds "7"]
[EventCountry "GBR"]
[SourceTitle "BritBase"]
[Source "John Saunders"]
[SourceDate "2025.01.31"]
[SourceVersion "1"]
[SourceVersionDate "2025.01.31"]
[SourceQuality "1"]

1. e4 e6 2. d4 d5 3. Nd2 Nf6 4. e5 Nfd7 5. Bd3 c5 6. c3 Nc6 7. Ne2 cxd4 8. cxd4 f6 9. exf6 Nxf6 10. Nf3 Bd6 11. O-O Qc7 12. Bd2 O-O 13. Rc1 Bd7 14. Bc3 Rac8 15. Ng3 Qb6 16. Qd2 Ne7 17. Ba5 Bf4 18. Bxb6 Bxd2 19. Nxd2 axb6 20. Rfe1 Nc6 21. Nf3 h6 22. Ne2 g5 23. h3 Be8 24. Nc3 Bh5 25. Nb5 Bxf3 26. gxf3 Nh5 27. Rxe6 Nf4 28. Re3 Nxh3+ 29. Kg2 Nf4+ 30. Kg3 Nb4 31. Rxc8 Rxc8 32. Bf5 Rc1 33. Nd6 Nc6 34. Re8+ Kg7 35. Re3 Kf6 36. Bd7 Nxd4 37. Ne8+ Kg6 38. Nd6 Rg1+ 39. Kh2 Rg2+ 40. Kh1 Rxf2 41. Be8+ Kf6 42. Bd7 Nxf3 43. Ne8+ Kg6 0-1

[Event "GBR-ch109 Over 50"]
[Site "Leicester"]
[Date "2023.07.25"]
[Round "2.19"]
[White "Grillage, Andrew"]
[Black "Kennedy, Craig"]
[Result "0-1"]
[WhiteElo "2010"]
[BlackElo "1784"]
[PlyCount "70"]
[EventDate "2023.07.24"]
[EventType "swiss"]
[EventRounds "7"]
[EventCountry "GBR"]
[SourceTitle "BritBase"]
[Source "John Saunders"]
[SourceDate "2025.01.31"]
[SourceVersion "1"]
[SourceVersionDate "2025.01.31"]
[SourceQuality "1"]

1. d4 Nf6 2. Nc3 d5 3. Bf4 c5 4. e3 cxd4 5. exd4 e6 6. Nf3 Bb4 7. Bd3 Nc6 8. O-O O-O 9. Ne2 b6 10. Ne5 Bb7 11. Bg5 Be7 12. f4 Nxe5 13. fxe5 Ne4 14. Bxe7 Qxe7 15. Bxe4 dxe4 16. c3 f5 17. exf6 gxf6 18. Nf4 f5 19. Qh5 Rf6 20. Rae1 Qg7 21. Re3 Rh6 22. Qe2 Qf7 23. Rg3+ Kh8 24. Qb5 Qc7 25. Qb3 Qd6 26. Qd1 Ba6 27. Rf2 e5 28. Nh3 f4 29. Rg5 e3 30. Rc2 e4 31. Qg4 Rf8 32. Rf5 Rhf6 33. Rxf6 Qxf6 34. Rc1 f3 35. Qxe4 f2+ 0-1

[Event "GBR-ch109 Over 50"]
[Site "Leicester"]
[Date "2023.07.25"]
[Round "2.20"]
[White "Kirby, Peter J"]
[Black "Strugar, Ioan"]
[Result "1-0"]
[WhiteElo "1985"]
[BlackElo "1359"]
[PlyCount "143"]
[EventDate "2023.07.24"]
[EventType "swiss"]
[EventRounds "7"]
[EventCountry "GBR"]
[SourceTitle "BritBase"]
[Source "John Saunders"]
[SourceDate "2025.01.31"]
[SourceVersion "1"]
[SourceVersionDate "2025.01.31"]
[SourceQuality "1"]

1. d4 Nf6 2. c4 e6 3. Nc3 d5 4. cxd5 exd5 5. Bg5 Nbd7 6. e3 c6 7. Bd3 Qa5 8. Nge2 Ne4 9. Bf4 Ndf6 10. O-O Be7 11. f3 Nxc3 12. Nxc3 O-O 13. Qc2 Be6 14. a3 Qd8 15. Be5 h6 16. b4 Bd6 17. Na4 Bxe5 18. dxe5 Nd7 19. f4 Rc8 20. f5 Nxe5 21. fxe6 fxe6 22. Rxf8+ Qxf8 23. Rf1 Qd6 24. Be2 b6 25. Nc3 c5 26. Nb5 Qe7 27. Qc3 Nc6 28. bxc5 bxc5 29. a4 a6 30. Na3 c4 31. Bg4 Rb8 32. Nxc4 Rb4 33. Bxe6+ Qxe6 34. Na5 Rb6 35. Nxc6 Rxc6 36. Qb3 Rb6 37. Qa3 Rb8 38. Qd3 Re8 39. Rd1 Qxe3+ 40. Qxe3 Rxe3 41. Rxd5 Re7 42. Rd6 a5 43. Rd5 Ra7 44. Rf5 g6 45. Rb5 Kf7 46. Kf2 Ra6 47. g4 g5 48. Kg3 Kg6 49. h4 Kf6 50. h5 Ke6 51. Kf3 Kf6 52. Rf5+ Ke7 53. Re5+ Kf6 54. Rd5 Ke6 55. Ke4 Kf6 56. Kd4 Ke6 57. Re5+ Kd6 58. Ke4 Kd7 59. Kf5 Kc7 60. Re7+ Kd8 61. Re6 Rxe6 62. Kxe6 Kc7 63. Kf6 Kd6 64. Kg6 Ke6 65. Kxh6 Kf6 66. Kh7 Kf7 67. h6 Kf6 68. Kg8 Ke5 69. h7 Kf4 70. h8=Q Kxg4 71. Qh2 Kf3 72. Kf7 1-0

[Event "GBR-ch109 Over 50"]
[Site "Leicester"]
[Date "2023.07.26"]
[Round "3.1"]
[White "Sanger, Mark"]
[Black "Lawton, Geoffrey W"]
[Result "1-0"]
[WhiteElo "2049"]
[BlackElo "2359"]
[PlyCount "79"]
[EventDate "2023.07.24"]
[EventType "swiss"]
[EventRounds "7"]
[EventCountry "GBR"]
[SourceTitle "BritBase"]
[Source "John Saunders"]
[SourceDate "2025.01.31"]
[SourceVersion "1"]
[SourceVersionDate "2025.01.31"]
[SourceQuality "1"]

1. e4 c6 2. f4 d5 3. e5 c5 4. Nf3 Nc6 5. Nc3 e6 6. Bb5 Nge7 7. d3 a6 8. Bxc6+ Nxc6 9. O-O Be7 10. a3 O-O 11. Qe1 f5 12. h3 d4 13. Ne2 Qd5 14. Kh2 b5 15. Qf2 Bb7 16. Rg1 Nd8 17. Bd2 Qd7 18. Nh4 Nf7 19. g4 Qd8 20. Nf3 Qd5 21. Rg3 Kh8 22. b4 fxg4 23. hxg4 Nxe5 24. Nxe5 Qxe5 25. Rh3 Rac8 26. bxc5 Rxc5 27. Nxd4 Rd5 28. c3 Qd6 29. Re1 Bc8 30. Kg1 Bf6 31. Qh2 h6 32. g5 Bxd4+ 33. cxd4 Rxd4 34. Rxh6+ gxh6 35. Qxh6+ Kg8 36. Qg6+ Kh8 37. Re2 Rfxf4 38. Bxf4 Qxf4 39. Rh2+ Qxh2+ 40. Kxh2 1-0